Autonomía Municipal : la deuda pendiente /
Guardado en:
| Autor Principal: | |
|---|---|
| Otros Autores: | |
| Formato: | Libro |
| Idioma: | Spanish |
| Publicado: |
Buenos AIres :
Instituto de Cultura Latinoamericana,
1999
|
| Materias: | |
| Etiquetas: |
Agregar Etiqueta
Sin Etiquetas, Sea el primero en etiquetar este registro!
|
| LEADER | 00488nam a22001455a 4500 | ||
|---|---|---|---|
| 001 | DER.der002187 | ||
| 008 | 180615s1999####ag#||||||||||||||#||spa|| | ||
| 005 | 20260209191045.0 | ||
| 245 | 1 | 0 | |a Autonomía Municipal : |b la deuda pendiente / |c Jorge Drkos , Francisco Fuster. |
| 260 | |a Buenos AIres : |b Instituto de Cultura Latinoamericana, |c 1999 | ||
| 300 | |a 121 p. | ||
| 100 | 1 | |a Drkos, Jorge | |
| 700 | 1 | |a Fuster, Francisco | |
| 650 | 7 | |a DERECHO ADMINISTRATIVO | |
| 859 | |a DERECHO |b BIB. DERECHO |h 342.02 |i DRK |p 004314 | ||
